Design of nonplanar microstrip antennas and transmission lines

שמור ב:
מידע ביבליוגרפי
מחבר ראשי: Wong, Kin-Lu
פורמט: ספר
שפה:Undetermined
יצא לאור: New York Wiley & Sons 1999
נושאים:
תגים: הוספת תג
אין תגיות, היה/י הראשונ/ה לתייג את הרשומה!
Thư viện lưu trữ: Trung tâm Học liệu Trường Đại học Cần Thơ
LEADER 00611nam a2200205Ia 4500
001 CTU_100238
008 210402s9999 xx 000 0 und d
020 |c 551000 
082 |a 621.381 
082 |b W872 
100 |a Wong, Kin-Lu 
245 0 |a Design of nonplanar microstrip antennas and transmission lines 
245 0 |c Kin-Lu Wong 
260 |a New York 
260 |b Wiley & Sons 
260 |c 1999 
650 |a Strip transmission lines,Microstrip antennas 
650 |x Design and construction,Design and construction 
904 |i Giang 
980 |a Trung tâm Học liệu Trường Đại học Cần Thơ